<?xml version="1.0" encoding="UTF-8"?>
<record
    xmlns:xsi="http://www.w3.org/2001/XMLSchema-instance"
    xsi:schemaLocation="http://www.loc.gov/MARC21/slim http://www.loc.gov/standards/marcxml/schema/MARC21slim.xsd"
    xmlns="http://www.loc.gov/MARC21/slim">

  <leader>02297nab a2200241uuc4500</leader>
  <controlfield tag="001">1474171</controlfield>
  <controlfield tag="005">20241029091123.0</controlfield>
  <controlfield tag="008">170926m05uu2010                    spa  </controlfield>
  <datafield tag="035" ind1=" " ind2=" ">
    <subfield code="a">1474171</subfield>
  </datafield>
  <datafield tag="040" ind1=" " ind2=" ">
    <subfield code="c">comduadb</subfield>
  </datafield>
  <datafield tag="041" ind1=" " ind2=" ">
    <subfield code="a">spa</subfield>
  </datafield>
  <datafield tag="100" ind1="1" ind2="0">
    <subfield code="a">V&#xE9;lez, Martha L.</subfield>
    <subfield code="4">aut</subfield>
    <subfield code="e">aut</subfield>
    <subfield code="9">761175</subfield>
  </datafield>
  <datafield tag="245" ind1="1" ind2="0">
    <subfield code="a">S&#xED;ndrome de estr&#xE9;s postraum&#xE1;tico en mujeres embarazadas abusadoras de drogas</subfield>
  </datafield>
  <datafield tag="520" ind1="3" ind2=" ">
    <subfield code="a">Introducci&#xF3;n: La exposici&#xF3;n a eventos traum&#xE1;ticos es muy frecuente en mujeres con problemas de abuso de sustancias, pero no todas desarrollan s&#xED;ndrome de estr&#xE9;s postraum&#xE1;tico (SEP). Pacientes con SEP tienen m&#xE1;s problemas m&#xE9;dicos, problemas interpersonales, usan drogas m&#xE1;s fuertes y son m&#xE1;s resistentes al tratamiento de adicci&#xF3;n que pacientes sin este trastorno. M&#xE9;todo: Exploraci&#xF3;n de la prevalencia de SEP en 87 mujeres embarazadas en tratamiento para adicci&#xF3;n a drogas, que reportaron historia de violencia actual o durante la vida y aceptaron evaluaci&#xF3;n e intervenciones para mejorar aspectos afectados por el trauma, usando la Escala Diagn&#xF3;stica de Estr&#xE9;s Postraum&#xE1;tico (PDS), y de la sintomatolog&#xED;a psicol&#xF3;gica asociada, usando el Cuestionario de S&#xED;ntomas-90 revisado (SCL-90R). Resultados: M&#xE1;s de la mitad (50,6%) de las pacientes llenaron criterios diagn&#xF3;sticos de SEP. Las mujeres con SEP presentaron puntuaciones significativamente m&#xE1;s altas en todas las subescalas del SCL-90R, el &#xCD;ndice de Severidad Global (1,58 vs. 0,89) y el &#xCD;ndice de S&#xED;ntomas Positivos de Distr&#xE9;s (2,24 vs.1,78) que las mujeres sin SEP. Conclusi&#xF3;n: Los resultados se&#xF1;alan la importancia de la evaluaci&#xF3;n de trauma y sus consecuencias en las mujeres embarazadas que reciben tratamiento para el abuso de sustancias y la necesidad de implementar intervenciones m&#xE1;s efectivas para mujeres con problemas de adicci&#xF3;n y SEP.</subfield>
  </datafield>
  <datafield tag="650" ind1=" " ind2="7">
    <subfield code="a">Trastornos relacionados con sustancias</subfield>
    <subfield code="2">dcs</subfield>
    <subfield code="9">56474</subfield>
  </datafield>
  <datafield tag="650" ind1=" " ind2="7">
    <subfield code="a">Embarazo</subfield>
    <subfield code="2">lemb</subfield>
    <subfield code="9">1428</subfield>
  </datafield>
  <datafield tag="650" ind1=" " ind2=" ">
    <subfield code="a">Trastorno por estr&#xE9;s postraum&#xE1;tico</subfield>
    <subfield code="9">104306</subfield>
  </datafield>
  <datafield tag="650" ind1=" " ind2=" ">
    <subfield code="a">Drogadicci&#xF3;n en mujeres</subfield>
    <subfield code="9">41954</subfield>
  </datafield>
  <datafield tag="650" ind1=" " ind2="7">
    <subfield code="a">Violencia contra la mujer</subfield>
    <subfield code="2">lemb</subfield>
    <subfield code="9">2055</subfield>
  </datafield>
  <datafield tag="700" ind1="1" ind2="0">
    <subfield code="a">Jansson, Lauren M.</subfield>
    <subfield code="4">aut</subfield>
    <subfield code="e">aut</subfield>
    <subfield code="9">764953</subfield>
  </datafield>
  <datafield tag="773" ind1="0" ind2=" ">
    <subfield code="t">Revista Colombiana de Psiquiatr&#xED;a (Bogot&#xE1;)</subfield>
    <subfield code="g">Volumen 39, 2010, Suplemento 01, 84-92</subfield>
    <subfield code="w">329827</subfield>
    <subfield code="x">0034-7450</subfield>
    <subfield code="0">114314</subfield>
  </datafield>
  <datafield tag="942" ind1=" " ind2=" ">
    <subfield code="c">ARIMP</subfield>
  </datafield>
  <datafield tag="999" ind1=" " ind2=" ">
    <subfield code="c">770819</subfield>
    <subfield code="d">770819</subfield>
  </datafield>
</record>
